Diálogo de las religiones y autocomprensión cristiana

Đã lưu trong:
Chi tiết về thư mục
Tác giả chính: Torres Queiruga, Andrés (Tác giả)
Định dạng: Sách
Ngôn ngữ:Tiếng Tây Ban Nha
Được phát hành: Santander, España Editorial Sal Terrae 2005
Phiên bản:1a. ed
Loạt:Colección Presencia Teológica, 143
Những chủ đề:
Các nhãn: Thêm thẻ
Không có thẻ, Là người đầu tiên thẻ bản ghi này!

MARC

LEADER 00000cam a2200000 a 4500
001 UCD6555
003 CL-VaPUC
005 20210223002601.0
008 161216e20050000sp |||||||||||||||||spa|d
020 |a 9788429316179 
040 |c Pontificia Universidad Católica de Valparaíso 
082 0 4 |a 280 TOR 2005  |2 21 
100 0 |a Torres Queiruga, Andrés  |e author  |9 590413 
245 1 0 |a Diálogo de las religiones y autocomprensión cristiana 
250 |a 1a. ed 
260 |a Santander, España   |b Editorial Sal Terrae  |c 2005 
300 |a 151 páginas  
490 0 |a Colección Presencia Teológica, 143 
583 |a last modification  |c 20161216 10:21:00  |k Rodrigo Vera 
650 0 |a Religiones  |9 265211 
650 0 |a Teología cristiana  |9 308336 
942 |c BK  |2 ddc 
945 |d 20161216 10:21:00  |a arojas 
999 |c 366844  |d 366842 
952 |0 0  |1 0  |3 erb  |4 0  |6 280_000000000000000_TOR_2005  |7 0  |8 A  |9 481399  |a BIBTEO  |b BIBTEO  |i 5356199  |o 280 TOR 2005  |p 5356199  |r 2025-01-17  |w 2019-11-24  |y BK  |z Catalogado en:20161216  |k ICR 
952 |0 0  |1 0  |3 erb  |4 0  |6 280_000000000000000_TOR_2005  |7 0  |8 A  |9 481400  |a BIBTEO  |b BIBTEO  |d 2019-08-13  |e 8  |g 8400.00  |i 5559294  |o 280 TOR 2005  |p 5559294  |r 2025-01-17  |v 8400.00  |w 2019-11-24  |y BK  |z Catalogado en:20190814  |k ICR